000 00537cam a22001931a 4500
001 he 68004314
003 DLC
005 20260227111508.0
008 910912s1967 is 000 0 ara
010 _ahe 68004314
035 _a(OCoLC)24362166
040 _aDLC
_cMWalB
_dMWalB
_dDLC
042 _apremarc
050 0 0 _aPJ8190.I8
_bM37
245 0 0 _aMashāʻil fī ṭariq al-adab :
_bmajmūʻat adabīyah.
260 _a[Hayfā :
_bMaṭbaʻah ʻAtaqī],
_c1967.
300 _a84 p. ;
_c17 cm.
650 0 _aArabic literature
_zIsrael.
999 _c34070
_d34070